Logo biblioteca
Santa Fe 2917, Rosario, Santa Fe
Lu-Vi 8 a 19.45
+54-341-4232362
bibliotecaeudoro@gmail.com
Facebook Biblioteca Pedagógica
Sitio web

Pensando críticamente el pensamiento crítico / (Registro nro. 32586)

Detalles MARC
000 -CABECERA
campo fijo de control de longitud 01147nab a2200241 4500
003 - IDENTIFICADOR DEL NÚMERO DE CONTROL
campo de control AR-RoBPED
005 - FECHA Y HORADE LA ULTIMA TRANSACCION
campo de control 20260421121029.0
008 - ELEMENTOS DE LONGITUD FIJA--INFORMACION GENERAL
campo fijo de control de longitud 260421b |||||||| |||| 00| 0 spa d
040 ## - FUENTE CATALOGADORA
Centro catalogador/agencia de origen AR-RoBPED
041 ## - IDIOMA
Código de idioma para texto/pista de sonido o título independiente spa
100 1# - ENCABEZAMIENTO PRINCIPAL--AUTOR PERSONAL
Nombre de persona Pereira, Ana
9 (RLIN) 30686
Función Licenciada y profesora de Nivel Medio y Superior en Psicología
245 1# - TITULO
Título Pensando críticamente el pensamiento crítico /
260 ## - PUBLICACION
Lugar Buenos Aires:
Editor Noveduc,
Fecha 2024
300 ## - DESCRIPCION FISICA
Extensión 28-32 p.
500 ## - NOTA GENERAL
Nota general Se analizan algunas formas de entender el pensamiento crítico como un conjunto de destrezas y "herramientas mentales" y se ofrece como alternativa una conceptualización actitudinal y relacional. Se realizan propuestas para pensar una escuela en la que tenga lugar el ejercicio permanente del "pensamiento crítico".
650 #7 - TERMINO DE MATERIA--CONTROLADO
Término controlado PENSAMIENTO CRITICO
9 (RLIN) 903
Término controlado ROL DEL DOCENTE
9 (RLIN) 869
Término controlado PRACTICAS PEDAGOGICAS
9 (RLIN) 20430
Término controlado EVALUACION
9 (RLIN) 408
773 0# - DOCUMENTO FUENTE
Host Biblionumber 20414
Host Itemnumber 41862
Place, publisher, and date of publication Buenos Aires : Noveduc, 1993-
Título Novedades Educativas
Record control number (AR-RoBPED)20414
International Standard Serial Number 03283534
942 ## - ELEMENTOS KOHA
Fuente de clasificación Universal Decimal Classification
Koha tipo de ítem Revistas
Clasificación 37(05)
Signatura librística Nov 86 N° 399 (Nov.2024)
Número Koha k.32586
945 ## - PROCESAMIENTO DE LA INFORMACIÓN LOCAL
Catalogador y fecha mar 04/2026

No hay ítems disponibles.